Vysokorozlišovacia atómová absorpčná spektrometria a prietokové elektroanalytické metódy v stopovej a ultrastopovej analýze

Salvato in:
Dettagli Bibliografici
Autore principale: Němeček, Martin (Autore)
Altri autori: Beinrohr, Ernest (Relatore della tesi)
Natura: Manoscritto Libro
Lingua:slovacco
Pubblicazione: 2019
Soggetti:
Accesso online:http://is.stuba.sk/zp/portal_zp.pl?podrobnosti=127863
Tags: Aggiungi Tag
Nessun Tag, puoi essere il primo ad aggiungerne!!

MARC

LEADER 00000ntm a22000003a 4500
001 stuzp54610
003 SK-STU
005 20190831210738.6
007 ta
008 150427s2015----xo-----f-mn---000-0-slo-d
040 |a STU  |b slo 
041 0 |a slo 
100 1 |a Němeček, Martin  |u 041000  |k Z3  |4 aut  |U FCHPT Fakulta chemickej a potravinárskej technológie  |T FCHPT Ústav analytickej chémie  |X 43390  |U C1000  |Y 99  |7 43390 
242 0 1 |a High Resolution Atomic Absorption Spectrometry and Flow Electroanalytical Methods in Trace and Ultra-Trace Analysis  |y eng 
245 1 0 |a Vysokorozlišovacia atómová absorpčná spektrometria a prietokové elektroanalytické metódy v stopovej a ultrastopovej analýze 
260 |c 2019 
650 4 |a chlór  |2 slo 
650 4 |a fosfor  |2 slo 
650 4 |a dusík  |2 slo 
650 4 |a HR-CS MAS  |2 slo 
650 4 |a chlorine  |2 eng 
650 4 |a HR-CS MAS  |2 eng 
650 4 |a phosphorus  |2 eng 
650 4 |a nitrogen  |2 eng 
700 1 |a Beinrohr, Ernest  |u 041000  |k Z8  |4 ths  |U FCHPT Fakulta chemickej a potravinárskej technológie  |T FCHPT Ústav analytickej chémie  |X 3306  |U C1000  |Y 99  |7 A000003306 
856 4 |u http://is.stuba.sk/zp/portal_zp.pl?podrobnosti=127863